| 000 | 03859cam a22005774i 4500 | ||
|---|---|---|---|
| 003 | PE-LiUPU | ||
| 005 | 20250731173353.0 | ||
| 008 | 150706s2007 ag r 000 0 spa d | ||
| 020 | _a9780805494969 | ||
| 035 | _a(Sirsi) i9780805494969 | ||
| 040 |
_aPE-LiUPU _bspa _cPE-LiUPU _erda |
||
| 049 | _aPRUA | ||
| 082 | 0 | 4 |
_a220.95 _bB29 _221 |
| 100 | 1 |
_aBeaumont, Mike, _eautor. |
|
| 245 | 1 | 0 |
_aGuía Holman ilustrada de la Biblia / _cMike Beaumont. |
| 264 | 1 |
_aNashville, TN : _bB & H Publishing Group, _c[2007]. |
|
| 300 |
_a126 páginas : _bilustraciones ; _c25 centímetros |
||
| 336 |
_atext _2rdacontent |
||
| 337 |
_aunmediated _2rdamedia |
||
| 338 |
_avolume _2rdacarrier |
||
| 500 | _aB & H Español-- en la cubierta. | ||
| 505 | 0 | _aLa Biblia -- El comienzo de todas las cosas -- Adán y Eva -- Noé -- Un mundo de superpotencias -- Abraham: comienza la aventura -- Abraham: continúan sus viajes -- Isaac y Jacob -- José -- Moisés: los comienzos -- Moisés: viajes -- Moisés: adoración -- Josué -- La tierra prometida -- Los jueces -- Samuel -- Saúl -- David: sus comienzos -- David: años siguientes -- Los Salmos -- Salomón -- Literatura sapiencial -- La gran división -- Elías y Eliseo -- Profetas en el norte -- Los últimos días de Israel -- Mientras tanto en el sur -- Isaías y los profetas -- Jeremías y los profetas -- La caída de Jerusalén -- Ezequiel y el exilio -- Esdras y Nehemías -- Daniel y Ester -- Entre los dos Testamentos -- Los Evangelios -- Juan el Bautista -- María -- Jesús: nacimiento e infancia -- Jesús: su nación -- Jesús: su ministerio -- Jesús: sus enseñanzas -- Jesús: sus milagros -- Jesús: sus opositores -- Jesús: sus últimos días -- Jesús: muerte y resurrección -- Pentecostés -- Hechos de los apóstoles -- Pedro -- Jacobo(Santiago) -- Pablo: su conversión -- Pablo: sus viajes -- Pablo: sus cartas -- Pablo: sus enseñanzas -- Luchas en la iglesia primitiva -- Días oscuros -- Juan y el Apocalipsis -- Esperanza para el futuro. | |
| 526 | _aSEG42 | ||
| 526 | _aSEG41 | ||
| 526 | _aSEG40 | ||
| 526 | _aSEG39 | ||
| 526 | _aP94 | ||
| 526 | _aP87 | ||
| 526 | _aP86 | ||
| 526 | _aP85 | ||
| 526 | _aP77 | ||
| 526 | _aP76 | ||
| 526 | _aP35 | ||
| 541 | _g001-0000508; | ||
| 541 | _g001-0000508; | ||
| 541 | _g001-0000477; | ||
| 630 |
_aBiblia _xHistoria de eventos bíblicos. |
||
| 700 | 1 |
_aCalcada, Leticia, _etraductor. |
|
| 700 | 1 |
_aRedaeli, Nora, _etraductor |
|
| 700 | 1 |
_aTessore, Adriana, _etraductor |
|
| 910 |
_agl _bjv _cjvm _d20100803 |
||
| 942 |
_2ddc _cBOOK |
||
| 949 |
_a220.95 B29 _wDEWEY _c1 _i61976 _lCCODEBUL1 _mBUL _p50.00 _r0 _sY _tBOOK _u2015-7-6 _xTEOLOGIA _PP35 _0COMPRA _o.STAFF. Colección Teología |
||
| 949 |
_a220.95 B29 _wDEWEY _c2 _i62625 _lCCODEBUL1 _mBUL _p50.00 _r0 _sY _tBOOK _u2015-7-6 _xTEOLOGIA _PP35 _0COMPRA _o.STAFF. Colección Teología |
||
| 949 |
_a220.95 B29 _wDEWEY _c3 _i62626 _lCCODEBUL1 _mBUL _p50.00 _r0 _sY _tBOOK _u2015-7-6 _xTEOLOGIA _PP35 _0COMPRA _o.STAFF. Colección Teología |
||
| 994 |
_aC0 _bPEPRU |
||
| 596 | _a1 | ||
| 999 |
_a220.95 B29 _wDEWEY _c51090 _i61976 _d51090 _e2019-11-4 _f2021-11-9 _g5 _lCCODEBUL1 _mBUL _n6 _p8.00 _q9 _r0 _sY _tBOOK _u2015-7-6 _xTEOLOGIA _PP35 _0COMPRA _o.STAFF. Colección Teología |
||
| 999 |
_a220.95 B29 _wDEWEY _c2 _i62625 _d2019-6-26 _e2018-11-4 _f2021-11-9 _g5 _lCCODEBUL1 _mBUL _n3 _p50.00 _q5 _r0 _sY _tBOOK _u2015-7-6 _xTEOLOGIA _PP35 _0COMPRA _o.STAFF. Colección Teología |
||
| 999 |
_a220.95 B29 _wDEWEY _c3 _i62626 _d2022-6-2 _e2018-11-4 _f2021-11-9 _g5 _lCCODEBUL1 _mBUL _n3 _p50.00 _q7 _r0 _sY _tBOOK _u2015-7-6 _xTEOLOGIA _PP35 _0COMPRA _o.STAFF. Colección Teología |
||
| 980 |
_81 _gALBERTO SANCHEZ Responsable de Automatización |
||